000
00326nam a22001337a 4500
020
_a
9788183487603
082
_a
028.702 JAI/HO
100
_a
Jai Kishan
100
_a
Premkishan
245
_a
How to crack test of reasoning in all competitive Exams
260
_a
Meerut
_b
Arihant publications
300
_a
374
942
_c
BK
999
_c
13845
_d
13845